Exposición sobre el estado de la hacienda pública
Guardat en:
| Autor principal: | |
|---|---|
| Format: | Llibre |
| Idioma: | espanyol |
| Publicat: |
Santiago
Ministerio de Hacienda
1982
|
| Matèries: | |
| Etiquetes: |
Afegir etiqueta
Sense etiquetes, Sigues el primer a etiquetar aquest registre!
|
MARC
| LEADER | 00000nam a2200000 a 4500 | ||
|---|---|---|---|
| 001 | UCT6156 | ||
| 003 | CL-VaPUC | ||
| 008 | 961230e19820000CL |||||||||||||||||spa|d | ||
| 082 | 0 | 4 | |a 351.72 |b LUD |2 21 |
| 100 | |a Lüders Schwarzenberg, Rolf J. |e autor |9 579210 | ||
| 245 | 1 | 0 | |a Exposición sobre el estado de la hacienda pública |
| 300 | |a 87 p | ||
| 942 | |c BK | ||
| 945 | |d 19961230 00:00:00 |a nastorga | ||
| 260 | |a Santiago |b Ministerio de Hacienda |c 1982 | ||
| 650 | 0 | |a Hacienda pública |9 258673 | |
| 650 | 7 | |a ECONOMIA NACIONAL |2 CL-VaPUC |9 338222 | |
| 650 | 0 | |a Gasto público |9 335386 | |
| 650 | 7 | |a PRESUPUESTO NACIONAL |2 CL-VaPUC |9 338436 | |
| 650 | 7 | |a BALANZA DE PAGO |2 CL-VaPUC |9 338673 | |
| 650 | 0 | |a Salarios |9 255321 | |
| 650 | 0 | |a Política fiscal |9 317354 | |
| 650 | 0 | |a Estado |9 255503 | |
| 650 | 7 | |a POLITICA FINANCIERA |2 CL-VaPUC |9 356280 | |
| 650 | 0 | |a Política económica |9 255029 | |
| 650 | 7 | |a PROTECCIONISMO |2 CL-VaPUC |9 338779 | |
| 651 | 7 | |a CHILE |2 CL-VaPUC |9 376009 | |
| 583 | |a last modification |c 19961230 00:00:00 |k Rodrigo Vera | ||
| 999 | |c 254877 |d 254875 | ||
| 952 | |0 0 |1 0 |4 0 |6 351_720000000000000_LUD_1982 |7 0 |8 A |9 276833 |a BIBENE |b BIBENE |d 2019-11-19 |i 3264904 |o 351.72 LUD 1982 |p 3264904 |r 2025-01-15 |w 2019-11-19 |y BK |k ICO | ||
| 952 | |0 0 |1 0 |4 0 |6 351_720000000000000_LUD_1982 |7 0 |8 A |9 276834 |a BIBENE |b BIBENE |d 2019-11-19 |i 3264912 |o 351.72 LUD 1982 |p 3264912 |r 2025-01-15 |w 2019-11-19 |y BK |k ICO | ||